Statistiken für Souly - Ich wünschte, es würd mich kümmern

Klicken Sie hier um das Quiz zu spielen!

Allgemein

  • Dieses Quiz wurde 13 mal gespielt
  • Das Durchschnittsergebnis liegt bei 11 aus 17

Antwortstatistiken

Antwort% Korrekt
Das erste Mal
100%
Diamantstein
100%
Herbst
100%
Ok Ok
100%
Nebel
75%
Style und das Geld
75%
Bunte Bündel
63%
Chrysanthemen
63%
Schweden
63%
Woah
63%
Bloody Rain
50%
Deine Freundinnen
50%
Der Lehrer
50%
Für immer
50%
Matt Mendo Interlude
50%
Wie fühlt sich sterben an
38%
Heute nicht
25%

Verteilung der Resultate

Perzentil nach korrekt beantworteten Fragen

Anzahl Personen mit jedem Resultat

Ihre Resultats-Entwicklung

Sie haben dieses Quiz noch nicht gespielt